Código Penal.
Guardat en:
| Autor principal: | |
|---|---|
| Format: | Desconegut |
| Publicat: |
Santiago, Chile:
Thomson Reuters,
2023.
|
| Edició: | Vigésima Tercera Edición. |
| Col·lecció: | Colección de Códigos 2023
|
| Matèries: | |
| Etiquetes: |
Afegir etiqueta
Sense etiquetes, Sigues el primer a etiquetar aquest registre!
|
MARC
| LEADER | 00000 a2200000 4500 | ||
|---|---|---|---|
| 003 | CL-VaPUC | ||
| 005 | 20240801131431.0 | ||
| 008 | 230313t2023 ||||| |||| 00| 0 eng d | ||
| 999 | |c 440101 |d 440099 | ||
| 020 | |a 978-956-400-313-9 | ||
| 040 | |c Pontificia Universidad Católica de Valparaíso | ||
| 082 | |a 345.83 VAR 2023 | ||
| 100 | |a Vargas Pinto, Tatiana |e autora |9 814205 | ||
| 245 | |a Código Penal. | ||
| 250 | |a Vigésima Tercera Edición. |b Actualizada al 4 de enero de 2023. | ||
| 260 | |a Santiago, Chile: |b Thomson Reuters, |c 2023. | ||
| 300 | |a 706 páginas. | ||
| 490 | |a Colección de Códigos 2023 | ||
| 504 | |a Anotaciones y concordancias. Indice temático. Títulos de artículos del cuerpo del código y de las normas del apéndice | ||
| 583 | |k GC |c 20230313 | ||
| 650 | |a Código penal |z Chile |9 862156 | ||
| 650 | 0 | |a Derecho penal chileno |9 328444 | |
| 942 | |2 ddc |c BK | ||
| 952 | |0 0 |1 0 |2 ddc |4 0 |6 345_830000000000000_VAR_2023 |7 0 |8 R |9 588962 |a BIBDER |b BIBDER |c RES |d 2023-03-10 |e 31 |g 0.00 |i 5656607 |l 89 |m 2 |o 345.83 VAR 2023 |p 5656607 |r 2024-10-24 |s 2024-10-22 |t 1 |v 0.00 |w 2023-03-10 |y BK_R |k DER | ||